Virtual clinical excursions--Obstetrics for : (Record no. 7994)

MARC details
000 -LEADER
fixed length control field 00430nam a2200133 4500
020 ## - INTERNATIONAL STANDARD BOOK NUMBER
ISBN 0323041035
050 ## - CALL NUMBER
Classification number RG951
Item number .V82
100 ## - AUTHOR
Personal name Cashion, Kitty
245 ## - TITLE
Title Virtual clinical excursions--Obstetrics for :
Remainder of title Lowdermilk and Perry : Maturnity nursing
Statement of responsibility, etc by Kitty Cashion; Kelly Ann Crum; Wolfsong Informatics.
260 ## - PUBLICATION INFORMATION
Place of publication St. Louis, Mo
Name of publisher Mosby Elsevier
Year of publication 2007
300 ## - DESCRIPTION
Number of Pages ix, 190 pages
650 ## - SUBJECTS
Topical Term Obstetrics.
942 ## - ADDED ENTRY ELEMENTS (KOHA)
Koha item type Books

No items available.

Copyright © 2026  MUG Library